008130000a22002530004500003001100000005001700011008004100028020001400069040003900083041000800122082001600130100001900146245004300165260004400208300003300252490003300285650003800318650003800356700002400394700002800418942000700446952009100453999001500544LK-CoMWRAF20231211093800.0230817t1985 ||||| |||| 00| 0 eng d a860371158 aLK-CoMWRAFdLK-CoMWRAFeLK-CoMWRAF aeng a297.44bMUR aMurad, Khurram aLove your brother, love your neighbour a Leicester:bIslamic Foundation, c1982 a 31 p. : color ill. ; 21 cm. aMuslim children's libraryv9 aIslamic life Love - For children  aLove (Islam)- Juvenile literature aMurad, Khurrameed. avon Denffer, Ahmadeed. cBK 00104070aMAINbMAINd2023-08-17l0o297.44 MURpRAF4417r2023-08-17w2023-08-17yBK c1797d1797